| 000 | 00731nam a2200253 i 4500 | ||
|---|---|---|---|
| 001 | bg | ||
| 100 | 1 |
_aZuffi, Stefano _d(1961-). |
|
| 245 | 0 |
_aWielki słownik malarzy. _nT. 1, _pA - Dek / _c[tekst Stefano Zuffi, tł. Hanna Borkowska]. |
|
| 260 |
_aWarszawa : _bRzeczpospolita ; _bHPS, _c2006. |
||
| 300 |
_a143 s. : _bil. ; _c26 cm. |
||
| 490 | 1 |
_aKlasycy Sztuki ; _v41 |
|
| 650 | 0 |
_aSztuka _xhistoria |
|
| 650 | 0 |
_aSztuka _xbiografie |
|
| 700 | 1 | 9 |
_aBorkowska, Hanna _eTł. |
| 830 | _aKlasycy Sztuki ; | ||
| 020 | _a9788360688151 | ||
| 040 | _cBPK | ||
| 041 | 1 |
_apol _hita |
|
| 080 | _a7.071A/Z(091) | ||
| 920 | _a978-83-60688-15-1 | ||
| 920 | _a83-60688-15-X | ||
| 942 | _cKS | ||
| 008 | s pl f |000 0 pol | ||
| 999 |
_c53758 _d53758 |
||
| 856 |
_uhttp://koha.tu.koszalin.pl/cgi-bin/koha/opac-detail.pl?biblionumber=53758 _yKatalog online BPK |
||